000 01399nam a22002537a 4500
003 DO-SdBNP
005 20230317135046.0
007 ta
008 110301s2005 dr 000 0 spa d
040 _aDO-SdBNP
_bspa
_cBNPHU
082 4 _a382.71
_bR426d
_222
245 1 0 _aRepública Dominicana :
_bimplicaciones del tratado de libre comercio con Estados Unidos de América respecto al sector agropecuario /
260 _aSanto Domingo :
_bBanco Mundial,
_c2005.
300 _av, 57 p. :
_c28 cm.
500 _aIncluye referencias bibliográficas y notas al pie de las páginas
504 _aBibliografía : p. 57
505 2 _tResumen ejecutivo --
_tIntroducción --
_tEl gasto público y las políticas de promoción agrícola --
_tEl tratado de libre comercio con EUA --
_tCompetitividad de la agricultura dominicana y perspectivas ante el TLC --
_tComo aprovechar mejor las nuevas oportunidades --
_tEl contexto económico en general --
_tImpacto de los acuerdos comerciales --
_tCompetitividad de la agricultura dominicana y perspectiva ante el TLC --
_tBibliografía /
590 _aInventariado, 2022/ YL
650 4 _aAgricultura
_xAspectos económicos
_zRepública Dominicana
_91508
650 4 _aIndustrias agropecuarias
_xRepública Dominicana
_982363
650 4 _aRepública Dominicana
_xComercio exterior
_982364
910 _aYLockward/Validado. Control de calidad MFF
942 _2ddc
_cLBS1
999 _c52397
_d52397